MARC

LEADER 00000nam0a2200000 4500
001 325218
005 20231102003737.0
035 |a (RuTPU)RU\TPU\book\350830 
090 |a 325218 
100 |a 20161201d1970 m y0rusy50 ca 
101 0 |a rus 
102 |a UA 
105 |a a z 001zb 
200 1 |a Н. К. Крупская. Жизнь, деятельность, педагогические идеи  |f С. А. Литвинов 
210 |a Киев  |c Радянська школа  |d 1970 
215 |a 224 с.  |c ил. 
320 |a Библиогр.: с. 218-222 
600 1 |a Крупская  |b Н. К.  |c российский политический деятель  |c жена В. И. Ленина  |f 1869-1939  |g Надежда Константиновна  |2 stltpush  |3 (RuTPU)RU\TPU\pers\496  |9 237 
606 1 |a Крупская  |x о ней  |2 stltpush  |3 (RuTPU)RU\TPU\subj\16570  |9 42535 
610 1 |a КПСС 
610 1 |a педагогика 
610 1 |a учебно-воспитательная работа 
610 1 |a жизнь 
610 1 |a деятельность 
610 1 |a воспитание 
610 1 |a образование 
610 1 |a обучение 
610 1 |a мораль 
610 1 |a дошкольное образование 
686 |a Ч33(2)  |v LBC/SL-A  |2 rubbk 
700 1 |a Литвинов  |b С. А.  |g Степан Андреевич 
801 1 |a RU  |b 63413507  |c 20161201 
801 2 |a RU  |b 63413507  |c 20161202  |g RCR 
942 |c BK